[Event "Berliner Einzelmeisterschaft 2002"]
[Site "Berlin"]
[Date "2022.04.18"]
[Round "4.5"]
[White "Eilenberg, Jonas"]
[Black "Glek, Igor"]
[Result "0-1"]
[WhiteElo "2177"]
[BlackElo "2479"]
[Annotator "TheRocket"]
[PlyCount "46"]
[EventDate "2022.??.??"]
[EventCountry "GER"]
[SourceTitle "SV Mattnetz Berlin e.V."]
[SourceDate "2022.04.23"]
[SourceVersion "1"]
[SourceVersionDate "2022.04.23"]
[SourceQuality "1"]

{[%evp 0,46,36,28,28,23,47,-7,14,-34,3,11,4,1,-1,-13,-6,-3,6,3,-36,-42,-42,-42,
-30,-54,-59,-86,-106,-106,-96,-96,-76,-103,-83,-198,-177,-203,-193,-201,-119,
-188,-203,-266,-248,-282,-359,-566,-505]} 1. d4 {[%emt 0:00:02]} Nf6 {[%emt 0:
03:22]} 2. Nf3 {[%emt 0:00:16]} g6 {[%emt 0:00:06]} 3. Nbd2 {[%emt 0:00:06]} d5
{[%emt 0:00:15]} 4. b4 {[%emt 0:00:07]} c6 {[%emt 0:00:37]} 5. e3 {[%emt 0:00:
45]} Bg7 {[%emt 0:01:43]} 6. c4 {[%emt 0:01:53]} O-O {[%emt 0:00:05]} 7. a4 {
[%emt 0:01:37]} Ne4 {[%emt 0:04:11]} 8. Ba3 {[%emt 0:07:13]} Bg4 {[%emt 0:00:
56]} 9. Qb3 {[%emt 0:03:58]} Nxd2 {[%emt 0:05:46]} 10. Nxd2 {[%emt 0:00:11]} e5
{[%emt 0:00:06]} 11. dxe5 {[%emt 0:04:04]} Bxe5 {[%emt 0:00:20]} 12. Bb2 {
[%emt 0:07:08]} d4 {[%emt 0:03:19]} 13. f3 {[%emt 0:10:27]} dxe3 {[%emt 0:05:
25]} 14. Ne4 {[%emt 0:00:07]} Qh4+ {[%emt 0:11:01]} 15. g3 {[%emt 0:02:54]} Qe7
{[%emt 0:00:07]} 16. Bg2 {[%emt 0:02:19]} Bf5 {[%emt 0:00:11]} 17. O-O-O {
[%emt 0:04:07]} Bxe4 {[%emt 0:00:58]} 18. fxe4 {[%emt 0:00:33]} Bxb2+ {[%emt 0:
08:14]} 19. Kxb2 {[%emt 0:04:48]} Nd7 {[%emt 0:03:20]} 20. Rhe1 {[%emt 0:05:46]
} a5 {[%emt 0:06:15]} 21. Bh3 {[%emt 0:02:23]} Ne5 {[%emt 0:00:21]} 22. c5 {
[%emt 0:02:37]} axb4 {[%emt 0:00:32]} 23. Rd6 {[%emt 0:01:31]} b6 {[%emt 0:01:
10]} 0-1

[Event "Berliner Einzelmeisterschaft 2002"]
[Site "Berlin"]
[Date "2022.04.18"]
[Round "4.6"]
[White "Roehr, Oliver"]
[Black "Rietze, Clemens"]
[Result "0-1"]
[WhiteElo "2030"]
[BlackElo "2290"]
[Annotator "TheRocket"]
[PlyCount "140"]
[EventDate "2022.??.??"]
[EventCountry "GER"]
[SourceTitle "SV Mattnetz Berlin e.V."]
[SourceDate "2022.04.23"]
[SourceVersion "1"]
[SourceVersionDate "2022.04.23"]
[SourceQuality "1"]

{[%evp 0,42,36,20,67,57,67,33,28,25,37,6,30,27,48,15,43,42,62,47,35,44,81,66,
69,41,46,13,6,-2,4,-3,-3,-7,15,-1,19,-15,-24,-74,-79,-81,-81,-81,-74]} 1. e4 {
[%emt 0:00:02]} c6 {[%emt 0:00:07]} 2. Nf3 {[%emt 0:00:03]} d5 {[%emt 0:00:07]}
3. Nc3 {[%emt 0:00:04]} dxe4 {[%emt 0:00:06]} 4. Nxe4 {[%emt 0:00:04]} Nf6 {
[%emt 0:00:05]} 5. Qe2 {[%emt 0:00:04]} Nxe4 {[%emt 0:00:08]} 6. Qxe4 {[%emt 0:
00:02]} Qa5 {[%emt 0:00:03]} 7. Qf4 {[%emt 0:00:35]} Qf5 8. Qe3 {[%emt 0:00:05]
} Qe6 {[%emt 0:00:36]} 9. b3 {[%emt 0:00:08]} Qxe3+ {[%emt 0:00:27]} 10. fxe3 {
[%emt 0:00:02]} f6 {[%emt 0:00:01]} 11. Bb2 {[%emt 0:00:13]} e5 {[%emt 0:00:06]
} 12. O-O-O {[%emt 0:06:22]} Be6 {[%emt 0:15:56]} 13. Rg1 {[%emt 0:06:01]} Bd6
{[%emt 0:04:54]} 14. g4 {[%emt 0:06:21]} Nd7 {[%emt 0:04:16]} 15. g5 {[%emt 0:
13:56]} f5 {[%emt 0:21:16]} 16. h4 {[%emt 0:04:02]} Ke7 {[%emt 0:02:29]} 17.
Bh3 {[%emt 0:02:05]} g6 {[%emt 0:01:57]} 18. d4 {[%emt 0:06:47]} e4 {[%emt 0:
05:59]} 19. Ne5 {[%emt 0:06:17]} Nxe5 {[%emt 0:02:36]} 20. dxe5 {[%emt 0:03:42]
} Bc5 {[%emt 0:00:06]} 21. Bd4 {[%emt 0:02:30]} Bb6 {[%emt 0:09:00]} 22. Bxb6 {
[%emt 0:04:20]} axb6 {[%emt 0:02:02]} 23. a4 {[%emt 0:00:01]} Ra5 {[%emt 0:00:
26]} 24. Rd4 {[%emt 0:02:20]} Rxe5 {[%emt 0:01:54]} 25. Rb4 {[%emt 0:01:24]} b5
{[%emt 0:04:02]} 26. axb5 {[%emt 0:01:14]} Rxb5 {[%emt 0:01:42]} 27. Rxb5 {
[%emt 0:00:24]} cxb5 {[%emt 0:00:01]} 28. Bf1 {[%emt 0:01:56]} b4 {[%emt 0:05:
04]} 29. Kd2 {[%emt 0:01:02]} Kd6 {[%emt 0:04:42]} 30. Be2 {[%emt 0:01:47]} Ra8
{[%emt 0:01:30]} 31. Bd1 {[%emt 0:01:05]} Ke5 {[%emt 0:01:05]} 32. Rf1 {
[%emt 0:02:11]} h6 {[%emt 0:01:21]} 33. gxh6 {[%emt 0:02:46]} Rh8 {[%emt 0:00:
10]} 34. Rf4 {[%emt 0:01:12]} Rxh6 {[%emt 0:00:23]} 35. Ke1 {[%emt 0:00:15]}
Rh8 {[%emt 0:00:45]} 36. Be2 {[%emt 0:03:52]} Ra8 {[%emt 0:00:35]} 37. Bd1 {
[%emt 0:00:23]} Ra2 {[%emt 0:01:15]} 38. Rf2 {[%emt 0:01:22]} Bf7 {[%emt 0:00:
14]} 39. Rf4 {[%emt 0:03:40]} Ra1 {[%emt 0:00:50]} 40. Kd2 {[%emt 0:01:11]} Kf6
{[%emt 0:00:31]} 41. Rf2 {[%emt 0:02:03]} Ra2 {[%emt 0:00:45]} 42. Ke1 {
[%emt 0:00:27]} Ra8 {[%emt 0:03:35]} 43. Rf4 {[%emt 0:00:25]} Rh8 {[%emt 0:01:
00]} 44. Be2 {[%emt 0:03:56]} g5 {[%emt 0:07:40]} 45. hxg5+ {[%emt 0:00:43]}
Kxg5 {[%emt 0:01:14]} 46. Rf1 {[%emt 0:06:46]} Rh2 {[%emt 0:12:46]} 47. Rg1+ {
[%emt 0:07:52]} Kf6 {[%emt 0:00:10]} 48. Rg3 {[%emt 0:00:27]} Bd5 {[%emt 0:03:
38]} 49. Rg1 {[%emt 0:00:37]} Be6 {[%emt 0:05:26]} 50. Kd1 {[%emt 0:03:13]} Rh3
{[%emt 0:01:16]} 51. Kd2 {[%emt 0:00:14]} Rh2 {[%emt 0:00:17]} 52. Kd1 {
[%emt 0:00:08]} Bf7 {[%emt 0:00:06]} 53. Ke1 {[%emt 0:00:43]} Bg6 {[%emt 0:00:
34]} 54. Kd1 {[%emt 0:01:45]} Bh5 {[%emt 0:00:38]} 55. Bxh5 {[%emt 0:00:11]}
Rxh5 {[%emt 0:00:01]} 56. Rg8 {[%emt 0:00:42]} Rh2 {[%emt 0:00:01]} 57. Rg3 {
[%emt 0:05:32]} f4 {[%emt 0:01:19]} 58. Rg4 {[%emt 0:00:47]} Rf2 {[%emt 0:01:
46]} 59. Ke1 {[%emt 0:01:33]} Kf5 {[%emt 0:00:45]} 60. Rg7 {[%emt 0:02:01]}
Rxc2 {[%emt 0:02:34]} 61. Rf7+ {[%emt 0:02:14]} Ke5 {[%emt 0:00:06]} 62. Re7+ {
[%emt 0:04:24]} Kd5 {[%emt 0:00:21]} 63. Rd7+ {[%emt 0:01:04]} Ke6 {[%emt 0:00:
01]} 64. Rxb7 {[%emt 0:00:59]} f3 {[%emt 0:00:26]} 65. Rxb4 {[%emt 0:01:11]}
Re2+ {[%emt 0:00:04]} 66. Kf1 {[%emt 0:00:17]} Rxe3 {[%emt 0:00:03]} 67. Rb8 {
[%emt 0:01:40]} Re2 {[%emt 0:01:17]} 68. b4 {[%emt 0:00:20]} Kd5 {[%emt 0:00:
20]} 69. b5 {[%emt 0:02:02]} Kd4 {[%emt 0:00:40]} 70. Rc8 {[%emt 0:01:09]} Rb2
{[%emt 0:00:24]} 0-1

[Event "Berliner Einzelmeisterschaft 2002"]
[Site "Berlin"]
[Date "2022.04.18"]
[Round "4.7"]
[White "Acikel, Mert"]
[Black "Hesse, Henrik"]
[Result "0-1"]
[WhiteElo "2149"]
[BlackElo "2191"]
[Annotator "TheRocket"]
[PlyCount "84"]
[EventDate "2022.??.??"]
[EventCountry "GER"]
[SourceTitle "SV Mattnetz Berlin e.V."]
[SourceDate "2022.04.23"]
[SourceVersion "1"]
[SourceVersionDate "2022.04.23"]
[SourceQuality "1"]

{[%evp 0,63,23,20,46,46,59,32,18,9,10,12,7,7,7,18,15,20,23,0,22,1,2,3,24,29,32,
25,35,35,38,35,48,35,44,44,69,81,66,49,40,25,47,20,38,-20,-11,-18,-7,-18,-18,
-21,-14,-27,-12,-24,-23,-46,2,-23,-30,-30,-30,-31,-30,-58]} 1. e4 {[%emt 0:00:
04]} c5 {[%emt 0:00:29]} 2. Nf3 {[%emt 0:00:34]} e6 {[%emt 0:00:15]} 3. c4 {
[%emt 0:00:54]} Nc6 {[%emt 0:00:48]} 4. d4 {[%emt 0:00:22]} cxd4 {[%emt 0:00:
07]} 5. Nxd4 {[%emt 0:00:06]} Nf6 {[%emt 0:00:27]} 6. Nc3 {[%emt 0:00:44]} Bb4
{[%emt 0:00:46]} 7. Nxc6 {[%emt 0:00:34]} bxc6 {[%emt 0:00:53]} 8. Bd3 {
[%emt 0:00:23]} e5 {[%emt 0:01:03]} 9. O-O {[%emt 0:00:30]} O-O {[%emt 0:00:26]
} 10. Qe2 {[%emt 0:00:29]} d6 {[%emt 0:03:42]} 11. Na4 {[%emt 0:01:48]} c5 {
[%emt 0:08:12]} 12. Bd2 {[%emt 0:10:31]} Bd7 {[%emt 0:01:38]} 13. Nc3 {[%emt 0:
01:12]} Be6 {[%emt 0:01:27]} 14. Rfd1 {[%emt 0:14:15]} Rb8 {[%emt 0:02:08]} 15.
Bc2 {[%emt 0:05:02]} Qe7 {[%emt 0:06:29]} 16. Ba4 {[%emt 0:04:07]} Bd7 {
[%emt 0:03:03]} 17. Bxd7 {[%emt 0:03:11]} Bxc3 {[%emt 0:01:02]} 18. Bxc3 {
[%emt 0:00:41]} Nxd7 {[%emt 0:00:06]} 19. Qd2 {[%emt 0:05:37]} Rb6 {[%emt 0:03:
35]} 20. Ba5 {[%emt 0:03:26]} Rc6 {[%emt 0:00:24]} 21. Qd3 {[%emt 0:09:36]}
Rfc8 {[%emt 0:11:22]} 22. Rd2 {[%emt 0:03:41]} Nf8 {[%emt 0:02:04]} 23. Rad1 {
[%emt 0:27:30]} Ne6 {[%emt 0:01:20]} 24. Bc3 {[%emt 0:01:06]} Nd4 {[%emt 0:05:
43]} 25. h3 {[%emt 0:00:26]} h6 {[%emt 0:02:37]} 26. Rc1 {[%emt 0:00:26]} Qe6 {
[%emt 0:03:39]} 27. Rdd1 {[%emt 0:01:37]} a5 {[%emt 0:10:44]} 28. Rf1 {[%emt 0:
01:11]} g5 {[%emt 0:03:34]} 29. Rce1 {[%emt 0:02:09]} a4 {[%emt 0:02:28]} 30.
Kh2 {[%emt 0:01:09]} Rb6 {[%emt 0:05:35]} 31. Rd1 {[%emt 0:01:15]} Rcb8 {
[%emt 0:02:52]} 32. g3 {[%emt 0:01:17]} Rxb2 {[%emt 0:04:39]} 33. Bxb2 {
[%emt 0:00:30]} Rxb2 {[%emt 0:00:03]} 34. Rb1 {[%emt 0:00:31]} Rxa2 {[%emt 0:
03:17]} 35. Rb8+ {[%emt 0:00:15]} Kg7 {[%emt 0:00:13]} 36. h4 {[%emt 0:00:49]}
Rd2 {[%emt 0:05:15]} 37. Qe3 {[%emt 0:00:17]} Qxc4 {[%emt 0:01:23]} 38. Kg2 {
[%emt 0:00:38]} Re2 {[%emt 0:03:25]} 39. Rc1 {[%emt 0:00:36]} Nc2 {[%emt 0:01:
44]} 40. Qf3 {[%emt 0:00:34]} Ne1+ {[%emt 0:00:38]} 41. Kh3 {[%emt 0:02:43]}
Qa2 {[%emt 0:15:51]} 42. Qh5 {[%emt 0:08:54]} Rxf2 {[%emt 0:07:20]} 0-1

[Event "Berliner Einzelmeisterschaft 2002"]
[Site "Berlin"]
[Date "2022.04.18"]
[Round "4.8"]
[White "Stark, Ingo"]
[Black "Brustkern, Juergen"]
[Result "0-1"]
[WhiteElo "2106"]
[BlackElo "2218"]
[Annotator "TheRocket"]
[PlyCount "62"]
[EventDate "2022.??.??"]
[EventCountry "GER"]
[SourceTitle "SV Mattnetz Berlin e.V."]
[SourceDate "2022.04.23"]
[SourceVersion "1"]
[SourceVersionDate "2022.04.23"]
[SourceQuality "1"]

{[%evp 0,46,23,17,17,18,18,21,25,2,25,5,-7,3,49,34,33,40,42,32,34,33,49,9,8,12,
16,19,31,29,52,54,54,14,3,9,14,-39,-29,-36,37,5,36,36,12,29,29,-18,-30]} 1. e4
{[%emt 0:00:05]} e5 {[%emt 0:00:27]} 2. Nf3 {[%emt 0:00:13]} Nc6 {[%emt 0:00:
07]} 3. Bb5 {[%emt 0:00:17]} a6 {[%emt 0:00:10]} 4. Ba4 {[%emt 0:00:06]} d6 {
[%emt 0:00:09]} 5. c3 {[%emt 0:01:15]} Bd7 {[%emt 0:00:21]} 6. d4 {[%emt 0:03:
35]} g6 {[%emt 0:00:19]} 7. Be3 {[%emt 0:04:17]} Nf6 {[%emt 0:01:54]} 8. Nbd2 {
[%emt 0:02:32]} b5 {[%emt 0:04:20]} 9. Bc2 {[%emt 0:00:56]} Bg7 {[%emt 0:00:06]
} 10. dxe5 {[%emt 0:13:17]} dxe5 {[%emt 0:00:12]} 11. Bc5 {[%emt 0:00:26]} Bf8
{[%emt 0:04:09]} 12. Be3 {[%emt 0:00:57]} Ng4 {[%emt 0:12:29]} 13. Bg5 {
[%emt 0:00:57]} f6 {[%emt 0:00:06]} 14. Bh4 {[%emt 0:00:11]} h5 {[%emt 0:00:58]
} 15. h3 {[%emt 0:01:02]} Nh6 {[%emt 0:00:13]} 16. Qe2 {[%emt 0:02:46]} g5 {
[%emt 0:10:54]} 17. Bg3 {[%emt 0:00:29]} Nf7 {[%emt 0:00:37]} 18. h4 {[%emt 0:
05:51]} g4 {[%emt 0:09:32]} 19. Nh2 {[%emt 0:00:42]} Ne7 {[%emt 0:02:47]} 20.
Nhf1 {[%emt 0:01:47]} Ng6 {[%emt 0:03:14]} 21. Ne3 {[%emt 0:03:18]} Nf4 {
[%emt 0:03:17]} 22. Bxf4 {[%emt 0:01:47]} exf4 {[%emt 0:00:08]} 23. Nd5 {
[%emt 0:08:50]} Bh6 {[%emt 0:07:46]} 24. e5 {[%emt 0:00:40]} Nxe5 {[%emt 0:00:
11]} 25. Ne4 {[%emt 0:34:53]} O-O {[%emt 0:00:29]} 26. O-O {[%emt 0:04:29]} c6
{[%emt 0:07:07]} 27. Nb4 {[%emt 0:05:17]} f3 {[%emt 0:02:31]} 28. gxf3 {
[%emt 0:00:44]} Nxf3+ {[%emt 0:02:17]} 29. Kg2 {[%emt 0:01:02]} Nxh4+ {[%emt 0:
00:13]} 30. Kg3 {[%emt 0:00:20]} Qc7+ {[%emt 0:00:50]} 31. Kxh4 {[%emt 0:00:09]
} Qh2# {[%emt 0:00:07]} 0-1

[Event "Berliner Einzelmeisterschaft 2002"]
[Site "Berlin"]
[Date "2022.04.19"]
[Round "5.1"]
[White "Mirzoev, Emil"]
[Black "Florstedt, Johannes"]
[Result "1/2-1/2"]
[WhiteElo "2460"]
[BlackElo "2316"]
[PlyCount "41"]
[EventDate "2022.??.??"]
[EventCountry "GER"]
[SourceTitle "SV Mattnetz Berlin e.V."]
[SourceDate "2022.04.23"]
[SourceVersion "1"]
[SourceVersionDate "2022.04.23"]
[SourceQuality "1"]

1. d4 Nf6 2. Nf3 g6 3. Nbd2 c5 4. dxc5 Qa5 5. a3 Qxc5 6. b4 Qc7 7. Bb2 Bg7 8.
e3 b6 9. c4 Bb7 10. Bd3 d6 11. O-O Nbd7 12. e4 O-O 13. Qb3 Nh5 14. Bxg7 Kxg7
15. Rfe1 Nf4 16. Bf1 e5 17. Nb1 f5 18. Nc3 Nf6 19. Nd5 N6xd5 20. exd5 b5 21.
Rac1 1/2-1/2

[Event "Berliner Einzelmeisterschaft 2002"]
[Site "Berlin"]
[Date "2022.04.19"]
[Round "5.2"]
[White "Lagunow, Raphael"]
[Black "Stern, Rene"]
[Result "1/2-1/2"]
[WhiteElo "2385"]
[BlackElo "2510"]
[Annotator "TheRocket"]
[PlyCount "158"]
[EventDate "2022.??.??"]
[EventCountry "GER"]
[SourceTitle "SV Mattnetz Berlin e.V."]
[SourceDate "2022.04.23"]
[SourceVersion "1"]
[SourceVersionDate "2022.04.23"]
[SourceQuality "1"]

{[%evp 0,76,24,18,14,18,18,-4,2,-11,-7,-7,12,25,28,30,27,20,20,39,15,18,9,14,
23,25,13,18,9,5,33,29,54,37,87,84,108,100,106,109,111,106,122,32,39,37,37,37,
61,63,63,58,65,72,63,67,49,57,66,72,64,71,109,112,106,113,108,117,112,118,118,
97,100,102,105,101,112,120,124]} 1. Nf3 {[%emt 0:11:53]} d5 {[%emt 0:00:16]} 2.
d4 {[%emt 0:00:16]} Nf6 {[%emt 0:00:11]} 3. c4 {[%emt 0:00:33]} e6 {[%emt 0:00:
22]} 4. g3 {[%emt 0:00:06]} dxc4 {[%emt 0:02:10]} 5. Bg2 {[%emt 0:00:07]} c5 {
[%emt 0:00:04]} 6. O-O {[%emt 0:00:33]} Nc6 {[%emt 0:00:10]} 7. dxc5 {[%emt 0:
00:29]} Qxd1 {[%emt 0:00:11]} 8. Rxd1 {[%emt 0:00:06]} Bxc5 {[%emt 0:00:10]} 9.
Nbd2 {[%emt 0:01:14]} c3 {[%emt 0:00:06]} 10. bxc3 {[%emt 0:00:04]} O-O {
[%emt 0:00:17]} 11. Nb3 {[%emt 0:00:12]} Be7 {[%emt 0:00:57]} 12. c4 {[%emt 0:
00:13]} Bd7 {[%emt 0:07:05]} 13. Bb2 {[%emt 0:00:28]} Rfd8 {[%emt 0:13:57]} 14.
Nfd4 {[%emt 0:00:22]} Rac8 {[%emt 0:16:51]} 15. Nb5 {[%emt 0:00:39]} Be8 {
[%emt 0:01:40]} 16. c5 {[%emt 0:08:42]} Rxd1+ {[%emt 0:21:19]} 17. Rxd1 {
[%emt 0:02:15]} Kf8 {[%emt 0:00:52]} 18. Nd6 {[%emt 0:03:31]} Rb8 {[%emt 0:02:
12]} 19. h3 {[%emt 0:15:28]} g6 {[%emt 0:01:04]} 20. Rd2 {[%emt 0:10:28]} Nd5 {
[%emt 0:03:26]} 21. Bxd5 {[%emt 0:21:49]} exd5 {[%emt 0:01:53]} 22. Nxe8 {
[%emt 0:01:26]} Kxe8 {[%emt 0:00:17]} 23. Rxd5 {[%emt 0:00:05]} Rc8 {[%emt 0:
03:18]} (23... Rd8 $11 24. Rxd8+ Nxd8) 24. Kg2 {[%emt 0:08:16]} Nd8 {[%emt 0:
13:00]} 25. Bd4 {[%emt 0:02:03]} Ne6 {[%emt 0:01:01]} 26. Be3 {[%emt 0:01:55]}
h5 {[%emt 0:01:43]} 27. g4 {[%emt 0:05:32]} hxg4 {[%emt 0:00:05]} 28. hxg4 {
[%emt 0:00:01]} Rc6 {[%emt 0:01:39]} 29. a4 {[%emt 0:00:45]} Ra6 {[%emt 0:02:
40]} 30. a5 {[%emt 0:00:15]} b6 {[%emt 0:02:38]} 31. cxb6 {[%emt 0:03:28]} axb6
{[%emt 0:00:06]} 32. axb6 {[%emt 0:00:23]} Rxb6 {[%emt 0:00:10]} 33. Bxb6 {
[%emt 0:00:07]} Nf4+ {[%emt 0:00:05]} 34. Kf3 {[%emt 0:00:29]} Nxd5 {[%emt 0:
00:10]} 35. Ba5 {[%emt 0:01:54]} Bd6 {[%emt 0:01:51]} 36. Bd2 {[%emt 0:01:10]}
(36. g5 $142) 36... Kd7 {[%emt 0:00:18]} 37. e4 {[%emt 0:00:11]} Ne7 {[%emt 0:
00:28]} 38. g5 {[%emt 0:00:20]} Nc6 {[%emt 0:01:24]} 39. Ke2 {[%emt 0:01:24]}
Ke6 {[%emt 0:02:54]} 40. Bc3 {[%emt 0:00:42]} Bf4 {[%emt 0:01:30]} 41. Bf6 {
[%emt 0:00:50]} Bd6 {[%emt 0:17:19]} 42. Ke3 {[%emt 0:06:36]} Bb4 {[%emt 0:00:
34]} 43. f4 {[%emt 0:01:28]} Bd6 {[%emt 0:03:16]} 44. Kf3 {[%emt 0:01:24]} Bb4
{[%emt 0:00:43]} 45. Kg4 {[%emt 0:00:32]} Ba3 {[%emt 0:02:28]} 46. Nd2 {
[%emt 0:02:15]} Bb4 {[%emt 0:01:25]} 47. Nf3 {[%emt 0:00:22]} Kd7 {[%emt 0:00:
59]} 48. f5 {[%emt 0:03:41]} gxf5+ {[%emt 0:00:05]} 49. exf5 {[%emt 0:00:49]}
Ke8 {[%emt 0:00:14]} 50. Kf4 {[%emt 0:09:10]} Ba3 {[%emt 0:02:06]} 51. Ke4 {
[%emt 0:00:32]} Bc1 {[%emt 0:00:57]} 52. Kd5 {[%emt 0:02:22]} Ne7+ {[%emt 0:01:
49]} 53. Bxe7 {[%emt 0:00:34]} Kxe7 {[%emt 0:00:03]} 54. f6+ {[%emt 0:00:05]}
Kd7 {[%emt 0:00:15]} 55. Ne5+ {[%emt 0:00:18]} Ke8 {[%emt 0:00:10]} 56. g6 {
[%emt 0:01:04]} fxg6 {[%emt 0:00:18]} 57. Ke6 {[%emt 0:00:07]} Ba3 {[%emt 0:00:
09]} 58. Nxg6 {[%emt 0:00:47]} Kd8 {[%emt 0:01:28]} 59. f7 {[%emt 0:00:33]} Bb4
{[%emt 0:00:23]} 60. Ne5 {[%emt 0:02:21]} Bf8 {[%emt 0:00:05]} 61. Nc6+ {
[%emt 0:00:26]} Kc7 {[%emt 0:00:09]} 62. Ne7 {[%emt 0:00:03]} Kd8 {[%emt 0:00:
23]} 63. Nf5 {[%emt 0:00:44]} Kc7 {[%emt 0:00:18]} 64. Ne3 $1 {[%emt 0:01:21]}
Kd8 {[%emt 0:00:39]} 65. Nd5 {[%emt 0:00:21]} Ba3 {[%emt 0:00:33]} 66. Nf6 {
[%emt 0:01:21]} Bf8 {[%emt 0:00:25]} 67. Ne8 {[%emt 0:02:15]} Kc8 {[%emt 0:00:
22]} 68. Nd6+ {[%emt 0:00:52]} Kd8 {[%emt 0:00:36]} 69. Nc4 {[%emt 0:00:18]}
Kc7 {[%emt 0:00:36]} 70. Kf6 {[%emt 0:00:05]} Kd7 {[%emt 0:01:12]} 71. Ne5+ {
[%emt 0:00:05]} Kd8 {[%emt 0:01:02]} (71... Kd6 $11) 72. Ng6 {[%emt 0:00:45]}
Ba3 {[%emt 0:00:06]} 73. Ke6 {[%emt 0:00:16]} Bb4 $11 {[%emt 0:00:17]} 74. Nf4
{[%emt 0:00:10]} Bf8 {[%emt 0:00:25]} 75. Kf6 {[%emt 0:01:11]} Kd7 {[%emt 0:00:
24]} 76. Ng6 {[%emt 0:00:29]} Ba3 {[%emt 0:00:45]} 77. Ne5+ {[%emt 0:00:21]}
Kd8 {[%emt 0:01:15]} 78. Nc6+ {[%emt 0:00:44]} Kd7 {[%emt 0:00:14]} 79. Ne5+ {
[%emt 0:00:16]} Kd8 {[%emt 0:00:07]} 1/2-1/2

[Event "Berliner Einzelmeisterschaft 2002"]
[Site "Berlin"]
[Date "2022.04.19"]
[Round "5.3"]
[White "Glek, Igor"]
[Black "Piz, Maxim"]
[Result "1-0"]
[WhiteElo "2476"]
[BlackElo "2143"]
[Annotator "TheRocket"]
[PlyCount "89"]
[EventDate "2022.??.??"]
[EventCountry "GER"]
[SourceTitle "SV Mattnetz Berlin e.V."]
[SourceDate "2022.04.23"]
[SourceVersion "1"]
[SourceVersionDate "2022.04.23"]
[SourceQuality "1"]

{[%evp 0,69,28,11,52,47,90,49,52,26,43,33,68,18,54,36,36,44,41,33,31,30,18,5,
13,6,0,13,66,47,48,48,96,44,87,37,56,18,47,32,32,36,36,25,16,24,21,28,28,25,17,
23,23,11,32,29,15,23,17,16,62,32,35,33,36,42,116,121,121,104,187,170]} 1. e4 {
[%emt 0:09:12]} c5 {[%emt 0:00:16]} 2. Nf3 {[%emt 0:02:45]} d6 {[%emt 0:00:09]}
3. d4 {[%emt 0:00:24]} cxd4 {[%emt 0:00:08]} 4. Nxd4 {[%emt 0:00:06]} Nf6 {
[%emt 0:00:05]} 5. Nc3 {[%emt 0:00:08]} a6 {[%emt 0:00:11]} 6. a4 {[%emt 0:00:
21]} g6 {[%emt 0:02:27]} 7. Be2 {[%emt 0:00:25]} Bg7 {[%emt 0:00:08]} 8. O-O {
[%emt 0:00:18]} O-O {[%emt 0:01:36]} 9. Be3 {[%emt 0:00:38]} Nc6 {[%emt 0:01:
03]} 10. Qd2 {[%emt 0:00:10]} Ng4 {[%emt 0:01:39]} 11. Bxg4 {[%emt 0:01:18]}
Bxg4 {[%emt 0:00:14]} 12. Nd5 {[%emt 0:03:47]} Bd7 {[%emt 0:05:06]} (12... Rc8
$14 {is superior.}) 13. a5 {[%emt 0:06:33]} Nxd4 {[%emt 0:03:51]} 14. Bxd4 {
[%emt 0:00:19]} Bxd4 {[%emt 0:00:02]} 15. Qxd4 {[%emt 0:00:08]} Bc6 {[%emt 0:
00:19]} (15... Rc8 $14) 16. c4 {[%emt 0:09:20]} ({Better is} 16. Nb6 $16) 16...
Rc8 {[%emt 0:02:42]} (16... e5 $14 17. Qd2 Bxd5 18. Qxd5 Qe7) 17. b4 {[%emt 0:
02:57]} (17. Nb6 $16) 17... f5 {[%emt 0:01:43]} (17... Bxd5 $14 18. exd5 Rc7)
18. Rfe1 {[%emt 0:00:56]} e5 {[%emt 0:00:16]} 19. Qd3 {[%emt 0:00:14]} fxe4 {
[%emt 0:00:58]} 20. Rxe4 {[%emt 0:00:38]} ({Reject} 20. Qxe4 {[#]} Rf4 $1 21.
Qd3 Rd4 $17) 20... Qe8 {[%emt 0:00:19]} 21. f4 {[%emt 0:01:56]} (21. Rd1 $14)
21... Qe6 {[%emt 0:08:18]} 22. fxe5 {[%emt 0:07:15]} (22. h3 $14) 22... dxe5 {
[%emt 0:00:52]} 23. Rae1 {[%emt 0:00:50]} Rf5 {[%emt 0:00:35]} 24. h3 {[%emt 0:
02:43]} Rcf8 {[%emt 0:07:43]} 25. R4e3 {[%emt 0:06:42]} Qd6 {[%emt 0:21:00]}
26. Rd1 {[%emt 0:00:27]} Kg7 {[%emt 0:01:29]} 27. Qc3 {[%emt 0:02:06]} h5 {
[%emt 0:02:58]} (27... Kg8 $14) 28. Ree1 {[%emt 0:01:06]} Qe6 $1 {[%emt 0:01:
43]} 29. Rd2 {[%emt 0:03:12]} Bxd5 {[%emt 0:02:08]} (29... Kg8 $14) 30. Rxd5 {
[%emt 0:00:42]} Re8 {[%emt 0:00:17]} 31. Red1 {[%emt 0:06:01]} Re7 {[%emt 0:02:
41]} 32. b5 {[%emt 0:02:45]} Qc8 {[%emt 0:02:21]} (32... Ref7 $16) 33. bxa6 {
[%emt 0:02:25]} bxa6 {[%emt 0:00:02]} 34. c5 {[%emt 0:00:06]} Qc6 {[%emt 0:02:
42]} (34... Kh7 {is a better defense.} 35. Rd8 Qe6) 35. Rd6 {[%emt 0:01:21]}
Qb5 $2 {[%emt 0:05:07]} (35... Qc8 36. Qc4 Kh6) 36. c6 {[%emt 0:00:43]} Rff7 {
[%emt 0:01:47]} 37. Kh2 $2 {[%emt 0:05:38]} (37. Qg3 Qc5+ 38. Kh2) 37... Kh7 {
[%emt 0:04:51]} 38. Qg3 {[%emt 0:05:44]} Rg7 {[%emt 0:00:59]} 39. R1d5 {
[%emt 0:00:07]} Qb4 {[%emt 0:01:27]} 40. Rd7 {[%emt 0:01:19]} Qa4 {[%emt 0:01:
48]} 41. R5d6 {[%emt 0:40:41]} Qc2 {[%emt 0:31:15]} 42. Qg5 {[%emt 0:01:02]}
Qc5 {[%emt 0:05:24] [#]} 43. Rxg6 $3 {[%emt 0:00:46]} Rxd7 {[%emt 0:01:25]} 44.
Qh6+ {[%emt 0:00:09]} Kg8 {[%emt 0:00:08]} 45. cxd7 {[%emt 0:00:07]} 1-0